000
00343 a2200169 4500
001
192139
020
_a
978-85-322-9249-0
040
_c
Magnum
100
_a
Silveira, Maria José
240
1
0
_a
Entre rios
_l
por
245
1
0
_a
Entre rios
300
_a
151
362
0
_a
2014
440
1
_a
FTD
697
_a
LITERATURA GERAL
942
_c
BK
999
_c
192139
_d
192139